[Event "Women's Baku Chess Olympiad"]
[Site "chess24.com"]
[Date "2016.09.03"]
[Round "2"]
[White "Fronda, Jan Jodilyn"]
[Black "Khotenashvili, Bela"]
[Result "1-0"]
[Board "2"]
[WhiteID "5204585"]
[WhiteElo "2128"]
[WhiteTitle "WIM"]
[WhiteCountry "PHI"]
[WhiteFideId "5204585"]
[WhiteEloChange "17"]
[BlackID "13602640"]
[BlackElo "2463"]
[BlackTitle "GM"]
[BlackCountry "GEO"]
[BlackFideId "13602640"]
[BlackEloChange "-9"]

1. e4 {[%clk 1:30:23]} e5 {[%clk 1:30:48]} 2. Nf3 {[%clk 1:30:48]} Nc6 {[%clk
1:31:10]} 3. d4 {[%clk 1:29:33]} exd4 {[%clk 1:31:32]} 4. Nxd4 {[%clk 1:29:58]}
Bc5 {[%clk 1:31:58]} 5. Nxc6 {[%clk 1:29:12]} Qf6 {[%clk 1:29:55]} 6. Qf3 {[%clk
1:26:55]} bxc6 {[%clk 1:28:13]} 7. Nd2 {[%clk 1:24:44]} Qxf3 {[%clk 1:27:11]} 8.
gxf3 {[%clk 1:25:05]} a5 {[%clk 1:26:47]} 9. Nb3 {[%clk 1:22:06]} Bb6 {[%clk
1:26:51]} 10. a4 {[%clk 1:22:26]} Ne7 {[%clk 1:25:04]} 11. Be2 {[%clk 1:04:21]}
d6 {[%clk 1:19:45]} 12. Be3 {[%clk 1:02:24]} Be6 {[%clk 1:06:00]} 13. Nd4 {[%clk
0:56:09]} Bd7 {[%clk 1:03:37]} 14. O-O {[%clk 0:47:08]} f5 {[%clk 0:55:35]} 15.
Rfd1 {[%clk 0:44:18]} Rf8 {[%clk 0:53:15]} 16. exf5 {[%clk 0:37:01]} Bxf5 {[%clk
0:51:33]} 17. Bg5 {[%clk 0:34:43]} Bxd4 {[%clk 0:44:40]} 18. Rxd4 {[%clk
0:35:07]} h6 {[%clk 0:38:15]} 19. Bxe7 {[%clk 0:20:41]} Kxe7 {[%clk 0:38:44]} 20.
Re1 {[%clk 0:20:25]} Kd7 {[%clk 0:36:55]} 21. Bd3 {[%clk 0:20:42]} Bxd3 {[%clk
0:28:02]} 22. Rxd3 {[%clk 0:21:05]} Rae8 {[%clk 0:28:13]} 23. Rde3 {[%clk
0:18:50]} Rxe3 {[%clk 0:28:21]} 24. Rxe3 {[%clk 0:19:15]} Rf4 {[%clk 0:24:28]}
25. b3 {[%clk 0:16:34]} c5 {[%clk 0:22:37]} 26. Kg2 {[%clk 0:16:35]} c4 {[%clk
0:21:16]} 27. Kg3 {[%clk 0:15:58]} g5 {[%clk 0:19:16]} 28. Re4 {[%clk 0:12:42]}
cxb3 {[%clk 0:19:26]} 29. cxb3 {[%clk 0:13:08]} d5 {[%clk 0:13:53]} 30. Rxf4
{[%clk 0:08:08]} gxf4+ {[%clk 0:14:22]} 31. Kxf4 {[%clk 0:08:31]} Ke6 {[%clk
0:14:37]} 32. b4 {[%clk 0:07:27]} axb4 {[%clk 0:14:47]} 33. Ke3 {[%clk 0:07:53]}
b3 {[%clk 0:08:10]} 34. Kd2 {[%clk 0:07:49]} c5 {[%clk 0:06:01]} 35. a5 {[%clk
0:08:08]} Kd7 {[%clk 0:05:31]} 36. Kc3 {[%clk 0:07:47]} c4 {[%clk 0:05:49]} 37.
a6 {[%clk 0:07:41]} d4+ {[%clk 0:04:19]} 38. Kb2 {[%clk 0:08:04]} Kc7 {[%clk
0:02:56]} 39. f4 {[%clk 0:08:30]} Kb6 {[%clk 0:02:40]} 40. f5 {[%clk 0:38:55]}
Kxa6 {[%clk 0:32:54]} 41. f6 {[%clk 0:39:21]} Kb5 {[%clk 0:32:03]} 42. f7 {[%clk
0:39:45]} Ka4 {[%clk 0:32:23]} 43. f8Q {[%clk 0:40:04]} c3+ {[%clk 0:32:41]} 44.
Kb1 {[%clk 0:37:08]} d3 {[%clk 0:25:55]} 45. Qa8+ {[%clk 0:36:59]} Kb4 {[%clk
0:25:50]} 46. Qe4+ {[%clk 0:37:23]} Ka3 {[%clk 0:25:59]} 47. Qxd3 {[%clk
0:37:31]} 1-0

[Event "Women's Baku Chess Olympiad"]
[Site "chess24.com"]
[Date "2016.09.03"]
[Round "2"]
[White "Jacimovic, Sara"]
[Black "Kulon, Klaudia"]
[Result "0-1"]
[Board "3"]
[WhiteID "14403668"]
[WhiteElo "1992"]
[WhiteTitle "WFM"]
[WhiteCountry "BIH"]
[WhiteFideId "14403668"]
[WhiteEloChange "-2"]
[BlackID "1131044"]
[BlackElo "2346"]
[BlackTitle "WGM"]
[BlackCountry "POL"]
[BlackFideId "1131044"]
[BlackEloChange "2"]

1. d4 {[%clk 1:30:56]} Nf6 {[%clk 1:30:55]} 2. c4 {[%clk 1:31:18]} g6 {[%clk
1:31:20]} 3. Nc3 {[%clk 1:31:38]} Bg7 {[%clk 1:31:46]} 4. Nf3 {[%clk 1:31:12]}
O-O {[%clk 1:32:04]} 5. e4 {[%clk 1:29:52]} d6 {[%clk 1:32:29]} 6. g3 {[%clk
1:29:13]} e5 {[%clk 1:30:34]} 7. dxe5 {[%clk 1:22:46]} dxe5 {[%clk 1:30:45]} 8.
Qxd8 {[%clk 1:16:34]} Rxd8 {[%clk 1:31:10]} 9. Bg5 {[%clk 1:14:33]} c6 {[%clk
1:30:22]} 10. Be2 {[%clk 1:00:58]} h6 {[%clk 1:23:23]} 11. Be3 {[%clk 0:56:22]}
Na6 {[%clk 1:13:39]} 12. Nxe5 {[%clk 0:46:02]} Nxe4 {[%clk 1:11:38]} 13. Nxe4
{[%clk 0:46:01]} Bxe5 {[%clk 1:12:01]} 14. Bxh6 {[%clk 0:42:34]} Bh3 {[%clk
1:05:59]} 15. Nc3 {[%clk 0:38:09]} Nb4 {[%clk 1:03:21]} 16. Rc1 {[%clk 0:35:15]}
Bxc3+ {[%clk 0:56:06]} 17. Rxc3 {[%clk 0:28:49]} Nxa2 {[%clk 0:49:25]} 18. Rb3
{[%clk 0:27:18]} c5 {[%clk 0:49:16]} 19. g4 {[%clk 0:25:20]} Bg2 {[%clk 0:49:28]}
20. Rg1 {[%clk 0:25:43]} Bc6 {[%clk 0:49:45]} 21. h4 {[%clk 0:24:24]} Nb4 {[%clk
0:47:31]} 22. Rc3 {[%clk 0:23:49]} Be4 {[%clk 0:43:41]} 23. f3 {[%clk 0:22:12]}
Bd3 {[%clk 0:43:02]} 24. Rg2 {[%clk 0:20:44]} Rd4 {[%clk 0:36:15]} 25. Be3 {[%clk
0:17:58]} Nc2+ {[%clk 0:33:06]} 26. Rxc2 {[%clk 0:17:26]} Bxc2 {[%clk 0:33:35]}
27. Bxd4 {[%clk 0:17:29]} cxd4 {[%clk 0:34:03]} 28. Bd1 {[%clk 0:17:27]} Bd3
{[%clk 0:33:17]} 29. Rd2 {[%clk 0:16:00]} Bxc4 {[%clk 0:33:27]} 30. Rxd4 {[%clk
0:16:22]} Be6 {[%clk 0:33:53]} 31. Kd2 {[%clk 0:15:36]} Kf8 {[%clk 0:33:57]} 32.
Ke3 {[%clk 0:15:06]} Ke7 {[%clk 0:34:20]} 33. Kf4 {[%clk 0:14:49]} Kf6 {[%clk
0:32:51]} 34. Bc2 {[%clk 0:12:51]} Rh8 {[%clk 0:31:08]} 35. Ra4 {[%clk 0:11:49]}
Rxh4 {[%clk 0:27:24]} 36. Rxa7 {[%clk 0:12:11]} Rh2 {[%clk 0:27:39]} 37. Be4
{[%clk 0:05:38]} b5 {[%clk 0:26:24]} 38. b4 {[%clk 0:04:44]} Rb2 {[%clk 0:25:49]}
39. Rb7 {[%clk 0:04:20]} Rxb4 {[%clk 0:25:49]} 40. g5+ {[%clk 0:34:14]} Kg7
{[%clk 0:56:17]} 41. Ke5 {[%clk 0:32:59]} Rb2 {[%clk 0:56:41]} 42. Bd3 {[%clk
0:31:30]} b4 {[%clk 0:56:53]} 43. Kd4 {[%clk 0:30:55]} b3 {[%clk 0:53:24]} 44.
Kc3 {[%clk 0:29:50]} Rg2 {[%clk 0:53:27]} 45. Rb5 {[%clk 0:29:36]} Kf8 {[%clk
0:53:46]} 46. Rc5 {[%clk 0:28:47]} Ke7 {[%clk 0:53:43]} 47. Kd4 {[%clk 0:23:57]}
Kd6 {[%clk 0:51:45]} 48. Rb5 {[%clk 0:23:52]} Kc6 {[%clk 0:51:19]} 49. Rc5+
{[%clk 0:22:22]} Kd6 {[%clk 0:51:47]} 50. Rb5 {[%clk 0:22:44]} Kd7 {[%clk
0:48:10]} 51. Be4 {[%clk 0:21:05]} Rd2+ {[%clk 0:46:30]} 52. Ke5 {[%clk 0:20:18]}
Ra2 {[%clk 0:41:17]} 53. Rb7+ {[%clk 0:19:53]} Kc8 {[%clk 0:41:43]} 54. Rb6
{[%clk 0:19:52]} Re2 {[%clk 0:36:05]} 55. Kd6 {[%clk 0:17:55]} b2 {[%clk
0:35:03]} 56. Bb7+ {[%clk 0:13:11]} Kb8 {[%clk 0:32:30]} 57. Rb4 {[%clk 0:11:46]}
Rd2+ {[%clk 0:32:27]} 58. Ke5 {[%clk 0:10:17]} Kc7 {[%clk 0:32:29]} 59. Be4
{[%clk 0:10:20]} Re2 {[%clk 0:32:37]} 60. Rb7+ {[%clk 0:09:19]} Kc8 {[%clk
0:33:06]} 61. Rb4 {[%clk 0:08:59]} Ba2 {[%clk 0:33:13]} 62. Kf6 {[%clk 0:06:37]}
Rxe4 {[%clk 0:33:34]} 63. fxe4 {[%clk 0:06:42]} b1Q {[%clk 0:33:57]} 64. Rxb1
{[%clk 0:06:12]} Bxb1 {[%clk 0:34:25]} 65. Kxf7 {[%clk 0:05:44]} Bxe4 {[%clk
0:34:51]} 0-1

[Event "Women's Baku Chess Olympiad"]
[Site "chess24.com"]
[Date "2016.09.03"]
[Round "2"]
[White "Videnova, Iva"]
[Black "Guindy, Esmat"]
[Result "0-1"]
[Board "2"]
[WhiteID "2907763"]
[WhiteElo "2386"]
[WhiteTitle "IM"]
[WhiteCountry "BUL"]
[WhiteFideId "2907763"]
[WhiteEloChange "-16"]
[BlackID "1401637"]
[BlackElo "2149"]
[BlackTitle "WFM"]
[BlackCountry "DEN"]
[BlackFideId "1401637"]
[BlackEloChange "16"]

1. e4 {[%clk 1:30:56]} e6 {[%clk 1:30:54]} 2. d4 {[%clk 1:31:20]} d5 {[%clk
1:31:21]} 3. Nc3 {[%clk 1:31:43]} Nf6 {[%clk 1:31:46]} 4. e5 {[%clk 1:32:07]}
Nfd7 {[%clk 1:32:12]} 5. f4 {[%clk 1:32:30]} c5 {[%clk 1:32:38]} 6. Nf3 {[%clk
1:32:55]} Nc6 {[%clk 1:33:03]} 7. Be3 {[%clk 1:33:14]} a6 {[%clk 1:33:22]} 8. Qd2
{[%clk 1:33:36]} b5 {[%clk 1:33:43]} 9. dxc5 {[%clk 1:33:59]} Bxc5 {[%clk
1:33:41]} 10. Bd3 {[%clk 1:33:53]} Qb6 {[%clk 1:29:58]} 11. Bf2 {[%clk 1:34:03]}
Bb7 {[%clk 1:19:10]} 12. O-O {[%clk 1:34:06]} O-O {[%clk 1:14:20]} 13. Bxh7+
{[%clk 1:28:45]} Kxh7 {[%clk 1:13:11]} 14. Ng5+ {[%clk 1:29:07]} Kg8 {[%clk
1:06:26]} 15. Qd3 {[%clk 1:29:17]} f5 {[%clk 1:03:55]} 16. Qh3 {[%clk 1:07:51]}
Rfe8 {[%clk 0:54:31]} 17. Qh7+ {[%clk 0:45:04]} Kf8 {[%clk 0:54:52]} 18. Qh5
{[%clk 0:44:16]} Ncxe5 {[%clk 0:35:51]} 19. fxe5 {[%clk 0:39:38]} Ke7 {[%clk
0:36:11]} 20. Nf7 {[%clk 0:27:30]} Rf8 {[%clk 0:28:51]} 21. Nd6 {[%clk 0:27:05]}
Nxe5 {[%clk 0:24:37]} 22. Nxb7 {[%clk 0:27:23]} Bxf2+ {[%clk 0:24:30]} 23. Rxf2
{[%clk 0:27:44]} Ng4 {[%clk 0:16:52]} 24. Qg5+ {[%clk 0:22:09]} Ke8 {[%clk
0:13:40]} 25. Qg6+ {[%clk 0:18:53]} Rf7 {[%clk 0:09:48]} 26. Rf1 {[%clk 0:14:05]}
Nxf2 {[%clk 0:08:49]} 27. Rxf2 {[%clk 0:14:28]} Kf8 {[%clk 0:06:48]} 28. Nxd5
{[%clk 0:12:51]} Qxb7 {[%clk 0:06:23]} 29. Nf4 {[%clk 0:07:51]} Rf6 {[%clk
0:05:17]} 30. Qh5 {[%clk 0:06:31]} Qe4 {[%clk 0:03:35]} 31. Ng6+ {[%clk 0:04:20]}
Kf7 {[%clk 0:02:28]} 32. Ne5+ {[%clk 0:03:52]} Kg8 {[%clk 0:02:17]} 33. Ng6
{[%clk 0:03:37]} Qe1+ {[%clk 0:02:08]} 34. Rf1 {[%clk 0:04:01]} Qe3+ {[%clk
0:02:31]} 35. Kh1 {[%clk 0:04:12]} Qh6 {[%clk 0:02:47]} 36. Qf3 {[%clk 0:03:54]}
Rd8 {[%clk 0:02:02]} 37. Ne7+ {[%clk 0:03:36]} Kf8 {[%clk 0:02:13]} 38. Qa3
{[%clk 0:03:23]} Kf7 {[%clk 0:01:27]} 39. Nc6 {[%clk 0:03:08]} Re8 {[%clk
0:00:52]} 40. Ne5+ {[%clk 0:33:22]} Kg8 {[%clk 0:30:59]} 41. Qxa6 {[%clk
0:33:37]} Qh5 {[%clk 0:26:49]} 42. Qxb5 {[%clk 0:28:29]} f4 {[%clk 0:24:27]} 43.
Qd7 {[%clk 0:23:16]} Ref8 {[%clk 0:21:38]} 44. Nf3 {[%clk 0:18:10]} g5 {[%clk
0:19:39]} 45. Qb5 {[%clk 0:16:54]} Rf5 {[%clk 0:16:08]} 46. Qc6 {[%clk 0:14:00]}
R5f6 {[%clk 0:13:50]} 47. Qc5 {[%clk 0:12:57]} Rf5 {[%clk 0:13:44]} 48. Qe7
{[%clk 0:12:39]} Re8 {[%clk 0:10:34]} 49. Qd7 {[%clk 0:09:17]} Rd5 {[%clk
0:10:01]} 50. Qc6 {[%clk 0:08:15]} g4 {[%clk 0:08:25]} 51. Ng1 {[%clk 0:08:21]}
f3 {[%clk 0:07:42]} 52. gxf3 {[%clk 0:05:54]} Rd2 {[%clk 0:07:34]} 53. Qc7 {[%clk
0:02:18]} e5 {[%clk 0:07:23]} 54. Qc4+ {[%clk 0:02:43]} Kh8 {[%clk 0:07:44]} 55.
Ne2 {[%clk 0:02:55]} gxf3 {[%clk 0:07:16]} 56. Qc6 {[%clk 0:00:56]} Rxe2 {[%clk
0:06:49]} 57. Qf6+ {[%clk 0:01:06]} Kh7 {[%clk 0:06:52]} 58. h4 {[%clk 0:01:02]}
Rf8 {[%clk 0:05:58]} 0-1

[Event "Women's Baku Chess Olympiad"]
[Site "chess24.com"]
[Date "2016.09.03"]
[Round "2"]
[White "Ovezdurdiyeva, Jemal"]
[Black "Levushkina, Elena"]
[Result "1/2-1/2"]
[Board "2"]
[WhiteID "14001888"]
[WhiteElo "2031"]
[WhiteTitle "WFM"]
[WhiteCountry "TKM"]
[WhiteFideId "14001888"]
[WhiteEloChange "7"]
[BlackID "14200686"]
[BlackElo "2342"]
[BlackTitle "WGM"]
[BlackCountry "GER"]
[BlackFideId "14200686"]
[BlackEloChange "-7"]

1. d4 {[%clk 1:30:56]} Nf6 {[%clk 1:30:53]} 2. c4 {[%clk 1:31:17]} e6 {[%clk
1:31:18]} 3. Nc3 {[%clk 1:31:43]} Bb4 {[%clk 1:31:43]} 4. e3 {[%clk 1:32:08]} c5
{[%clk 1:31:38]} 5. Ne2 {[%clk 1:32:26]} cxd4 {[%clk 1:30:52]} 6. exd4 {[%clk
1:32:48]} O-O {[%clk 1:31:00]} 7. a3 {[%clk 1:32:28]} Be7 {[%clk 1:31:10]} 8. Nf4
{[%clk 1:31:47]} d5 {[%clk 1:30:33]} 9. cxd5 {[%clk 1:30:14]} Nxd5 {[%clk
1:30:39]} 10. Ncxd5 {[%clk 1:27:48]} exd5 {[%clk 1:31:04]} 11. Bd3 {[%clk
1:26:20]} Bf6 {[%clk 1:12:33]} 12. O-O {[%clk 1:13:06]} Nc6 {[%clk 1:05:00]} 13.
Be3 {[%clk 0:58:50]} g6 {[%clk 1:02:52]} 14. Qf3 {[%clk 0:49:29]} Bxd4 {[%clk
0:47:00]} 15. Bxd4 {[%clk 0:41:48]} Nxd4 {[%clk 0:47:25]} 16. Qxd5 {[%clk
0:41:28]} Ne6 {[%clk 0:35:55]} 17. Qxd8 {[%clk 0:38:47]} Rxd8 {[%clk 0:35:44]}
18. Nxe6 {[%clk 0:38:53]} Bxe6 {[%clk 0:32:21]} 19. Be4 {[%clk 0:37:35]} Rd4
{[%clk 0:25:53]} 20. Bf3 {[%clk 0:31:49]} Bb3 {[%clk 0:20:11]} 21. Rfc1 {[%clk
0:27:24]} Rad8 {[%clk 0:17:23]} 22. Rc3 {[%clk 0:21:30]} Be6 {[%clk 0:12:45]} 23.
h3 {[%clk 0:18:16]} b6 {[%clk 0:09:56]} 24. Rac1 {[%clk 0:16:15]} a5 {[%clk
0:06:59]} 25. Rc6 {[%clk 0:13:37]} R8d6 {[%clk 0:04:47]} 26. Rxd6 {[%clk
0:08:39]} Rxd6 {[%clk 0:05:16]} 27. Rd1 {[%clk 0:07:47]} Rxd1+ {[%clk 0:05:42]}
28. Bxd1 {[%clk 0:08:11]} Kg7 {[%clk 0:03:58]} 29. f4 {[%clk 0:07:52]} Kf6 {[%clk
0:02:52]} 30. Kf2 {[%clk 0:08:08]} Bd5 {[%clk 0:02:13]} 31. Bf3 {[%clk 0:04:51]}
Ke6 {[%clk 0:02:22]} 32. Bg4+ {[%clk 0:01:33]} Kd6 {[%clk 0:02:24]} 33. g3 {[%clk
0:01:00]} Kc5 {[%clk 0:01:33]} 34. Ke3 {[%clk 0:00:50]} Kc4 {[%clk 0:01:20]} 35.
Bd1 {[%clk 0:00:44]} h6 {[%clk 0:01:07]} 36. Bc2 {[%clk 0:00:42]} Bg2 {[%clk
0:00:48]} 37. h4 {[%clk 0:00:34]} Bh3 {[%clk 0:00:58]} 38. Bd1 {[%clk 0:00:44]}
Bd7 {[%clk 0:00:49]} 39. g4 {[%clk 0:00:40]} b5 {[%clk 0:00:38]} 40. Ke4 {[%clk
0:30:11]} f5+ {[%clk 0:30:08]} 41. gxf5 {[%clk 0:28:18]} Bxf5+ {[%clk 0:26:09]}
42. Ke3 {[%clk 0:24:00]} b4 {[%clk 0:08:08]} 43. axb4 {[%clk 0:20:49]} axb4
{[%clk 0:08:02]} 1/2-1/2

[Event "Women's Baku Chess Olympiad"]
[Site "chess24.com"]
[Date "2016.09.03"]
[Round "2"]
[White "Tin, Ruiqi"]
[Black "Hakimifard, Ghazal"]
[Result "0-1"]
[Board "3"]
[WhiteID "5806453"]
[WhiteElo "1892"]
[WhiteCountry "SIN"]
[WhiteFideId "5806453"]
[WhiteEloChange "-2"]
[BlackID "12506540"]
[BlackElo "2308"]
[BlackTitle "WIM"]
[BlackCountry "IRI"]
[BlackFideId "12506540"]
[BlackEloChange "2"]

1. e4 {[%clk 1:30:57]} c5 {[%clk 1:30:49]} 2. Nf3 {[%clk 1:31:22]} e6 {[%clk
1:31:13]} 3. c3 {[%clk 1:31:46]} d5 {[%clk 1:23:41]} 4. exd5 {[%clk 1:31:57]}
exd5 {[%clk 1:23:53]} 5. d4 {[%clk 1:32:14]} Nc6 {[%clk 1:23:39]} 6. Bb5 {[%clk
1:32:26]} Bd6 {[%clk 1:22:31]} 7. O-O {[%clk 1:31:04]} Ne7 {[%clk 1:22:25]} 8.
dxc5 {[%clk 1:27:15]} Bxc5 {[%clk 1:22:46]} 9. Nbd2 {[%clk 1:26:23]} O-O {[%clk
1:22:03]} 10. Nb3 {[%clk 1:26:04]} Bd6 {[%clk 1:21:27]} 11. h3 {[%clk 1:19:42]}
Bf5 {[%clk 1:14:10]} 12. Be3 {[%clk 1:12:59]} Bg6 {[%clk 1:02:52]} 13. Qd2 {[%clk
1:06:59]} Qc7 {[%clk 0:59:53]} 14. Rad1 {[%clk 0:58:34]} Rad8 {[%clk 0:58:16]}
15. Nbd4 {[%clk 0:44:29]} Na5 {[%clk 0:55:48]} 16. b3 {[%clk 0:34:23]} Nac6
{[%clk 0:46:37]} 17. Bd3 {[%clk 0:29:13]} a6 {[%clk 0:46:19]} 18. Bxg6 {[%clk
0:25:15]} Nxg6 {[%clk 0:40:16]} 19. Nf5 {[%clk 0:23:13]} Nce5 {[%clk 0:30:03]}
20. N3d4 {[%clk 0:11:40]} Rfe8 {[%clk 0:19:37]} 21. Nxd6 {[%clk 0:07:53]} Qxd6
{[%clk 0:19:38]} 22. Rfe1 {[%clk 0:07:13]} f6 {[%clk 0:15:21]} 23. f4 {[%clk
0:04:33]} Nc6 {[%clk 0:11:47]} 24. f5 {[%clk 0:03:56]} Nf8 {[%clk 0:12:13]} 25.
Bf4 {[%clk 0:02:24]} Qd7 {[%clk 0:12:30]} 26. g4 {[%clk 0:01:53]} Ne5 {[%clk
0:09:49]} 27. Kg2 {[%clk 0:01:49]} b5 {[%clk 0:09:45]} 28. Re2 {[%clk 0:01:41]}
Qb7 {[%clk 0:04:54]} 29. Rde1 {[%clk 0:01:35]} Nfd7 {[%clk 0:04:59]} 30. Kg3
{[%clk 0:01:14]} Nc5 {[%clk 0:04:50]} 31. Kg2 {[%clk 0:01:04]} Ne4 {[%clk
0:04:28]} 32. Qe3 {[%clk 0:01:00]} Rc8 {[%clk 0:04:28]} 33. Rc2 {[%clk 0:01:12]}
Re7 {[%clk 0:02:52]} 34. Kh2 {[%clk 0:01:11]} Rec7 {[%clk 0:01:53]} 35. Rec1
{[%clk 0:01:29]} Qb6 {[%clk 0:01:50]} 36. Kg2 {[%clk 0:00:57]} Qa5 {[%clk
0:00:54]} 37. b4 {[%clk 0:00:46]} Qb6 {[%clk 0:00:52]} 38. Kh2 {[%clk 0:00:38]}
Nc4 {[%clk 0:00:41]} 39. Qd3 {[%clk 0:00:37]} Re7 {[%clk 0:01:03]} 40. Re2 {[%clk
0:30:40]} Rd7 {[%clk 0:30:34]} 41. Ne6 {[%clk 0:27:23]} Qb7 {[%clk 0:24:34]} 42.
Rd1 {[%clk 0:20:35]} Nb6 {[%clk 0:23:30]} 43. Rc2 {[%clk 0:19:24]} Na4 {[%clk
0:22:36]} 44. Rdc1 {[%clk 0:16:43]} Rc4 {[%clk 0:19:22]} 45. Be3 {[%clk 0:13:05]}
Qb8+ {[%clk 0:19:02]} 46. Bf4 {[%clk 0:12:05]} Qc8 {[%clk 0:19:07]} 47. Bd2
{[%clk 0:11:43]} Qc6 {[%clk 0:18:28]} 48. Be1 {[%clk 0:08:34]} Re7 {[%clk
0:16:49]} 49. Nd4 {[%clk 0:06:26]} Qd6+ {[%clk 0:16:18]} 50. Kg2 {[%clk 0:06:26]}
Rec7 {[%clk 0:14:15]} 51. Ne2 {[%clk 0:04:53]} Qe5 {[%clk 0:11:56]} 52. Bg3
{[%clk 0:03:21]} Nxg3 {[%clk 0:11:26]} 53. Qxg3 {[%clk 0:03:33]} Qe4+ {[%clk
0:08:23]} 54. Qf3 {[%clk 0:02:46]} Kf7 {[%clk 0:07:34]} 55. Kf2 {[%clk 0:01:57]}
g6 {[%clk 0:05:45]} 56. fxg6+ {[%clk 0:01:57]} hxg6 {[%clk 0:06:13]} 57. Qxe4
{[%clk 0:02:06]} dxe4 {[%clk 0:06:32]} 58. Ke3 {[%clk 0:01:43]} Rc8 {[%clk
0:06:01]} 59. a3 {[%clk 0:01:21]} f5 {[%clk 0:05:47]} 60. gxf5 {[%clk 0:01:34]}
gxf5 {[%clk 0:06:16]} 61. Kf4 {[%clk 0:01:27]} Kf6 {[%clk 0:06:28]} 62. Rd1
{[%clk 0:00:42]} Nxc3 {[%clk 0:06:28]} 63. Nxc3 {[%clk 0:01:03]} Rxc3 {[%clk
0:06:56]} 64. Rxc3 {[%clk 0:01:21]} Rxc3 {[%clk 0:07:25]} 65. Rd6+ {[%clk
0:01:17]} Ke7 {[%clk 0:07:54]} 66. Rxa6 {[%clk 0:01:31]} Rf3+ {[%clk 0:07:36]}
67. Ke5 {[%clk 0:01:39]} Kf7 {[%clk 0:05:33]} 68. Kd4 {[%clk 0:00:39]} Rd3+
{[%clk 0:05:20]} 69. Ke5 {[%clk 0:00:36]} e3 {[%clk 0:05:09]} 70. Kxf5 {[%clk
0:00:34]} Rd5+ {[%clk 0:03:43]} 71. Ke4 {[%clk 0:00:32]} e2 {[%clk 0:03:57]} 72.
Kxd5 {[%clk 0:00:56]} e1Q {[%clk 0:04:25]} 73. Kc5 {[%clk 0:00:41]} Qe5+ {[%clk
0:03:25]} 74. Kb6 {[%clk 0:00:52]} Ke6 {[%clk 0:02:52]} 75. Ra5 {[%clk 0:00:47]}
Qb8+ {[%clk 0:03:18]} 76. Kc5 {[%clk 0:00:39]} Ke5 {[%clk 0:02:33]} 77. Kc6
{[%clk 0:00:40]} Qe8+ {[%clk 0:02:21]} 78. Kc5 {[%clk 0:00:37]} Qb8 {[%clk
0:01:35]} 79. Kc6 {[%clk 0:00:46]} Qe8+ {[%clk 0:01:04]} 80. Kc5 {[%clk 0:01:07]}
Qd7 {[%clk 0:01:15]} 81. Kb6 {[%clk 0:01:08]} Kd4 {[%clk 0:01:32]} 82. Rxb5
{[%clk 0:01:04]} Qd8+ {[%clk 0:01:38]} 83. Kb7 {[%clk 0:00:49]} Qd7+ {[%clk
0:02:04]} 84. Kb6 {[%clk 0:00:56]} Qd6+ {[%clk 0:02:09]} 85. Kb7 {[%clk 0:01:04]}
Kc4 {[%clk 0:01:49]} 86. Ra5 {[%clk 0:01:03]} Qd7+ {[%clk 0:02:16]} 87. Kb6
{[%clk 0:01:04]} Kb3 {[%clk 0:01:40]} 88. h4 {[%clk 0:00:43]} Qd6+ {[%clk
0:02:09]} 89. Kb7 {[%clk 0:00:42]} Qe7+ {[%clk 0:02:38]} 90. Kb6 {[%clk 0:00:53]}
Qxh4 {[%clk 0:02:37]} 91. Kc6 {[%clk 0:00:56]} Qf6+ {[%clk 0:03:03]} 92. Kc7
{[%clk 0:00:38]} Qe7+ {[%clk 0:03:31]} 93. Kc6 {[%clk 0:01:02]} Qe6+ {[%clk
0:03:47]} 94. Kc7 {[%clk 0:01:19]} Qc4+ {[%clk 0:03:55]} 95. Kb6 {[%clk 0:01:24]}
Qc8 {[%clk 0:04:14]} 96. Ka7 {[%clk 0:00:38]} Qc7+ {[%clk 0:04:43]} 97. Ka8
{[%clk 0:00:33]} Qb6 {[%clk 0:05:01]} 98. Ra7 {[%clk 0:00:45]} Kc4 {[%clk
0:05:17]} 99. Ra5 {[%clk 0:00:36]} Kd4 {[%clk 0:05:29]} 100. Ra7 {[%clk 0:00:33]}
Kd5 {[%clk 0:05:27]} 101. Rd7+ {[%clk 0:00:34]} Kc6 {[%clk 0:05:43]} 102. Rh7
{[%clk 0:00:33]} Qa6+ {[%clk 0:02:39]} 103. Kb8 {[%clk 0:00:57]} Qxa3 {[%clk
0:03:00]} 104. Rh6+ {[%clk 0:00:37]} Kb5 {[%clk 0:03:23]} 105. Kb7 {[%clk
0:00:32]} Kxb4 {[%clk 0:03:46]} 106. Rh4+ {[%clk 0:00:44]} Kc5 {[%clk 0:04:14]}
107. Rh5+ {[%clk 0:00:56]} Kd6 {[%clk 0:04:36]} 108. Rh6+ {[%clk 0:01:13]} Ke5
{[%clk 0:04:51]} 109. Rh5+ {[%clk 0:01:18]} Kf4 {[%clk 0:05:15]} 110. Rb5 {[%clk
0:00:44]} Qd6 {[%clk 0:05:26]} 111. Ra5 {[%clk 0:00:46]} Ke4 {[%clk 0:05:31]}
112. Ra4+ {[%clk 0:00:40]} Kd5 {[%clk 0:05:56]} 113. Ra5+ {[%clk 0:00:41]} Kc4
{[%clk 0:06:24]} 114. Ra6 {[%clk 0:00:38]} Qd7+ {[%clk 0:06:31]} 115. Kb6 {[%clk
0:00:38]} Kb4 {[%clk 0:06:49]} 116. Ra7 {[%clk 0:00:42]} Qd6+ {[%clk 0:07:14]}
117. Kb7 {[%clk 0:01:06]} Kb5 {[%clk 0:06:19]} 118. Kc8 {[%clk 0:00:33]} Qf8+
{[%clk 0:06:48]} 119. Kb7 {[%clk 0:00:41]} Qd8 {[%clk 0:07:07]} 120. Ra1 {[%clk
0:00:39]} Qe7+ {[%clk 0:04:23]} 121. Kc8 {[%clk 0:00:34]} Qe8+ {[%clk 0:04:47]}
122. Kb7 {[%clk 0:00:50]} Qe4+ {[%clk 0:04:59]} 123. Kc8 {[%clk 0:01:02]} Qc4+
{[%clk 0:05:00]} 124. Kb7 {[%clk 0:00:54]} Qf7+ {[%clk 0:05:15]} 125. Kc8 {[%clk
0:00:57]} Qg8+ {[%clk 0:05:43]} 0-1